[Event "Barcelona Sants op 14th"]
[Site "Barcelona"]
[Date "2012.08.23"]
[Round "7"]
[White "Oms Pallisse, Josep"]
[Black "Kiewra, Keaton F"]
[Result "1-0"]
[WhiteElo "2461"]
[BlackElo "2364"]
[PlyCount "149"]
[EventDate "2012.08.17"]
[EventType "swiss"]
[EventRounds "10"]
[EventCountry "ESP"]
[SourceTitle "CBM 150 Extra"]
[Source "ChessBase"]
[SourceDate "2012.10.19"]
[SourceVersion "1"]
[SourceVersionDate "2012.10.19"]
[SourceQuality "1"]

1. Nf3 Nf6 2. c4 g6 3. Nc3 Bg7 4. e4 0-0 5. d4 c6 6. Be2 d5 7. e5 Ne4 8. 0-0 Nxc3 9. bxc3 dxc4 10. Bxc4 c5 11. Qe2 Nc6 12. e6 Bxe6 13. Bxe6 fxe6 14. Qxe6+ Kh8 15. dxc5 Bxc3 16. Rb1 Nd4 17. Nxd4 Bxd4 18. Be3 Bxe3 19. Qe5+ Kg8 20. fxe3 Qd7 21. Rfd1 Qc6 22. Qxe7 Rae8 23. Qxb7 Qxc5 24. Qb3+ Kg7 25. Rd3 Qf5 26. Qb2+ Kh6 27. Rbd1 Re5 28. Qe2 Qg5 29. e4 Rf7 30. Rh3+ Kg7 31. Qe3 Qe7 32. Qd4 Rf4 33. Re3 h5 34. g3 Rf7 35. Rf1 Rxf1+ 36. Kxf1 Kh7 37. Kg2 Kh6 38. Re2 Kh7 39. Qe3 a5 40. Qd4 Qe6 41. Rb2 Qe7 42. Rb8 Qg7 43. Ra8 Re7 44. Qxg7+ Kxg7 45. Kf3 Re5 46. Kf4 Rc5 47. h4 Kf7 48. Ra6 Rb5 49. a3 Rc5 50. Ra7+ Ke6 51. Ra6+ Kf7 52. a4 Kg7 53. Ra7+ Kf6 54. e5+ Ke6 55. Ra6+ Kf7 56. Ra7+ Ke6 57. Kg5 Rxe5+ 58. Kxg6 Re3 59. Ra6+ Ke7 60. Rxa5 Rxg3+ 61. Kxh5 Rg8 62. Rb5 Kf6 63. a5 Rg1 64. a6 Ra1 65. Rb6+ Kg7 66. Kg5 Kf7 67. Rb7+ Ke6 68. a7 Ra5+ 69. Kg6 Ra1 70. h5 Rg1+ 71. Kh6 Ra1 72. Kg7 Rg1+ 73. Kf8 Rf1+ 74. Kg8 Rg1+ 75. Rg7 1-0

[Event "Barcelona Sants op 14th"]
[Site "Barcelona"]
[Date "2012.08.20"]
[Round "4"]
[White "Oms Pallisse, Josep"]
[Black "Rakhmanov, Alexander"]
[Result "1/2-1/2"]
[WhiteElo "2461"]
[BlackElo "2588"]
[PlyCount "75"]
[EventDate "2012.08.17"]
[EventType "swiss"]
[EventRounds "10"]
[EventCountry "ESP"]
[SourceTitle "CBM 150 Extra"]
[Source "ChessBase"]
[SourceDate "2012.10.19"]
[SourceVersion "1"]
[SourceVersionDate "2012.10.19"]
[SourceQuality "1"]

1. d4 Nf6 2. c4 g6 3. Nc3 d5 4. Nf3 Bg7 5. Qb3 dxc4 6. Qxc4 0-0 7. e4 Nfd7 8. Be3 Nb6 9. Qb3 Bg4 10. Rd1 e6 11. Be2 Nc6 12. Ng1 Bxe2 13. Ngxe2 Qe7 14. 0-0 Rfd8 15. e5 Qb4 16. Qc2 h6 17. a3 Qf8 18. Qe4 Rab8 19. h4 Ne7 20. h5 Nc4 21. Bc1 Qe8 22. hxg6 fxg6 23. Nf4 Qf7 24. Qe2 Nb6 25. Rd3 Nbd5 26. Nfxd5 Nxd5 27. Rf3 Qe7 28. Rh3 Qf8 29. Ne4 b6 30. Rd1 c5 31. dxc5 bxc5 32. Rf3 Qe7 33. Rg3 g5 34. Rh3 Qf8 35. Rf3 Qe7 36. Rh3 Qf8 37. Rf3 Qe7 38. Rh3 1/2-1/2

[Event "La Pobla de Lillet op 22nd"]
[Site "La Pobla de Lillet"]
[Date "2012.08.06"]
[Round "6"]
[White "Valdes Romero, Leonardo"]
[Black "Oms Pallisse, Josep"]
[Result "1/2-1/2"]
[WhiteElo "2366"]
[BlackElo "2461"]
[PlyCount "103"]
[EventDate "2012.08.01"]
[EventType "swiss"]
[EventRounds "9"]
[EventCountry "ESP"]
[SourceTitle "CBM 149 Extra"]
[Source "ChessBase"]
[SourceDate "2012.08.24"]
[SourceVersion "1"]
[SourceVersionDate "2012.08.24"]
[SourceQuality "1"]

1. Nf3 c5 2. g3 b6 3. Bg2 Bb7 4. 0-0 e6 5. c4 Nf6 6. Nc3 d6 7. d4 cxd4 8. Qxd4 a6 9. Rd1 Be7 10. Bg5 Nbd7 11. Qd2 0-0 12. Bf4 Ne8 13. Rac1 Rc8 14. b3 h6 15. a4 Nc5 16. Qa2 Qc7 17. Qb1 Nf6 18. Ne1 Bxg2 19. Nxg2 Rfd8 20. b4 Ncd7 21. Ne4 Nxe4 22. Qxe4 a5 23. b5 Nc5 24. Qc2 Qb7 25. Be3 Nd7 26. Qa2 Nf6 27. Bd4 d5 28. Bxf6 Bxf6 29. cxd5 Rxd5 30. Rxc8+ Qxc8 31. Ne3 Rxd1+ 32. Nxd1 Qc1 33. Qb3 Qd2 34. Kf1 Bd4 35. f3 h5 36. Nf2 Qc1+ 37. Nd1 Qd2 38. Nf2 Qc1+ 39. Nd1 h4 40. Qd3 Qa1 41. e3 Bc5 42. Qd8+ Bf8 43. Qd4 Qb1 44. Kg2 hxg3 45. hxg3 g6 46. Nf2 Bc5 47. Qd8+ Kg7 48. Ng4 Qb2+ 49. Kh3 Qa1 50. Kg2 Qb2+ 51. Kh3 Qa1 52. Kg2 1/2-1/2

[Event "La Pobla de Lillet op 22nd"]
[Site "La Pobla de Lillet"]
[Date "2012.08.04"]
[Round "4"]
[White "Aranda Marin, Cristian"]
[Black "Oms Pallisse, Josep"]
[Result "0-1"]
[WhiteElo "2324"]
[BlackElo "2461"]
[PlyCount "64"]
[EventDate "2012.08.01"]
[EventType "swiss"]
[EventRounds "9"]
[EventCountry "ESP"]
[SourceTitle "CBM 149 Extra"]
[Source "ChessBase"]
[SourceDate "2012.08.24"]
[SourceVersion "1"]
[SourceVersionDate "2012.08.24"]
[SourceQuality "1"]

1. d4 Nf6 2. Nf3 e6 3. Bf4 c5 4. e3 Qb6 5. Qc1 Nc6 6. c3 Nh5 7. Bg3 Nxg3 8. hxg3 d5 9. Nbd2 Bd7 10. Bd3 Be7 11. a3 Bf6 12. b4 cxd4 13. cxd4 e5 14. dxe5 Nxe5 15. Nxe5 Bxe5 16. Rh5 Qf6 17. Ra2 g6 18. Rh4 Rc8 19. Rc2 0-0 20. Ke2 Rxc2 21. Qxc2 Rc8 22. Qb3 Rc3 23. Qxd5 Bc6 24. Qa2 Bxg2 25. f4 Bc7 26. Qb2 Bd8 27. Rh2 Bd5 28. Nb1 Rb3 29. Qxf6 Bxf6 30. e4 Bc6 31. Rh1 Rb2+ 32. Nd2 Bc3 0-1

[Event "La Pobla de Lillet op 22nd"]
[Site "La Pobla de Lillet"]
[Date "2012.08.02"]
[Round "2"]
[White "Capelles Prat, Ramon"]
[Black "Oms Pallisse, Josep"]
[Result "0-1"]
[WhiteElo "1934"]
[BlackElo "2461"]
[PlyCount "52"]
[EventDate "2012.08.01"]
[EventType "swiss"]
[EventRounds "9"]
[EventCountry "ESP"]
[SourceTitle "CBM 149 Extra"]
[Source "ChessBase"]
[SourceDate "2012.08.24"]
[SourceVersion "1"]
[SourceVersionDate "2012.08.24"]
[SourceQuality "1"]

1. d4 Nf6 2. c4 e6 3. Nc3 Bb4 4. Qc2 0-0 5. Nf3 c5 6. e3 b6 7. Bd3 Bb7 8. e4 cxd4 9. Nxd4 Bxc3+ 10. bxc3 d6 11. Bg5 Nbd7 12. 0-0 h6 13. Bh4 Ne5 14. f3 Ng6 15. Bf2 Rc8 16. Rfd1 Qe7 17. Bf1 Rfd8 18. Nb5 Bc6 19. Rab1 Ne5 20. Qb3 Ne8 21. Nxa7 Qxa7 22. Bxb6 Qa8 23. Bxd8 Ba4 24. Qb6 Bxd1 25. Be7 Nd7 26. Qb4 Rb8 0-1

[Event "Balaguer op 17th"]
[Site "Balaguer"]
[Date "2012.06.24"]
[Round "9"]
[White "Ramiro Ovejero, Juan Luis"]
[Black "Oms Pallisse, Josep"]
[Result "0-1"]
[WhiteElo "2349"]
[BlackElo "2461"]
[PlyCount "64"]
[EventDate "2012.06.16"]
[EventType "swiss"]
[EventRounds "9"]
[EventCountry "ESP"]
[SourceTitle "EXT 2013"]
[Source "ChessBase"]
[SourceDate "2012.11.22"]
[SourceVersion "1"]
[SourceVersionDate "2012.11.22"]
[SourceQuality "1"]

1. e4 c5 2. Nf3 Nc6 3. Bb5 e6 4. Bxc6 bxc6 5. d3 Ne7 6. Qe2 d5 7. c4 Ng6 8. e5 f6 9. h4 Qc7 10. b3 fxe5 11. g3 Bd6 12. Bb2 0-0 13. Nbd2 e4 14. dxe4 e5 15. h5 dxe4 16. hxg6 exf3 17. gxh7+ Kh8 18. Qe3 e4 19. Nxe4 Bf5 20. 0-0-0 Be5 21. Bxe5 Qxe5 22. Nc3 Qxe3+ 23. fxe3 Rae8 24. e4 Bxe4 25. Nxe4 Rxe4 26. Rd3 Rg4 27. Rg1 Kxh7 28. Kd2 Rf6 29. a4 a5 30. Rh1+ Kg6 31. Rg1 Kg5 32. Kc3 Re4 0-1

[Event "Balaguer op 17th"]
[Site "Balaguer"]
[Date "2012.06.22"]
[Round "7"]
[White "Barbero Sendic, Alejandro"]
[Black "Oms Pallisse, Josep"]
[Result "1-0"]
[WhiteElo "2370"]
[BlackElo "2461"]
[PlyCount "81"]
[EventDate "2012.06.16"]
[EventType "swiss"]
[EventRounds "9"]
[EventCountry "ESP"]
[SourceTitle "EXT 2013"]
[Source "ChessBase"]
[SourceDate "2012.11.22"]
[SourceVersion "1"]
[SourceVersionDate "2012.11.22"]
[SourceQuality "1"]

1. e4 c5 2. Nf3 Nc6 3. Nc3 e5 4. Bc4 d6 5. d3 h6 6. h3 Nf6 7. Be3 Be7 8. a3 a6 9. 0-0 0-0 10. Nd2 b5 11. Ba2 Be6 12. Nd5 Bxd5 13. exd5 Na5 14. f4 Nb7 15. c3 exf4 16. Bxf4 Nd7 17. Qh5 b4 18. Nc4 bxc3 19. bxc3 Na5 20. Ne3 Bg5 21. Nf5 Ne5 22. Bxe5 dxe5 23. d6 c4 24. Qg4 g6 25. h4 Bd2 26. Rad1 h5 27. Ne7+ Kh8 28. Qe4 Qb6+ 29. Kh1 Qe3 30. Qxe3 Bxe3 31. dxc4 Bc5 32. Rd5 Nb7 33. Rb1 Rab8 34. Nc6 Rbc8 35. Rxb7 Rxc6 36. d7 Be7 37. Rxe5 Re6 38. Rxe6 fxe6 39. g3 Rf2 40. Bb3 Rd2 41. c5 1-0

[Event "Balaguer op 17th"]
[Site "Balaguer"]
[Date "2012.06.21"]
[Round "6"]
[White "Oms Pallisse, Josep"]
[Black "Guerra Mendez, Jose Angel"]
[Result "0-1"]
[WhiteElo "2461"]
[BlackElo "2428"]
[PlyCount "132"]
[EventDate "2012.06.16"]
[EventType "swiss"]
[EventRounds "9"]
[EventCountry "ESP"]
[SourceTitle "EXT 2013"]
[Source "ChessBase"]
[SourceDate "2012.11.22"]
[SourceVersion "1"]
[SourceVersionDate "2012.11.22"]
[SourceQuality "1"]

1. Nf3 Nf6 2. c4 b6 3. g3 Bb7 4. Bg2 e6 5. 0-0 Be7 6. d4 0-0 7. Re1 Qc8 8. Bg5 h6 9. Bxf6 Bxf6 10. e4 d6 11. Nc3 Nd7 12. e5 dxe5 13. dxe5 Be7 14. Qc2 Rd8 15. Rad1 a6 16. a3 Ra7 17. Rd3 c5 18. Qe2 Bc6 19. Red1 b5 20. Ne1 bxc4 21. R3d2 Ra8 22. f4 Qc7 23. Qxc4 Bxg2 24. Kxg2 Nb6 25. Rxd8+ Bxd8 26. Qe4 Be7 27. Nf3 Rb8 28. Nd2 Rd8 29. Nf3 Rxd1 30. Nxd1 c4 31. Nc3 Bc5 32. Kf1 Qd7 33. Ke2 Kf8 34. g4 g6 35. h4 Kg7 36. h5 gxh5 37. gxh5 a5 38. Ke1 Qd3 39. Qxd3 cxd3 40. Kd2 Nc4+ 41. Kxd3 Nxb2+ 42. Kc2 Nc4 43. a4 Nb6 44. f5 Bb4 45. Nd4 Bxc3 46. Kxc3 Nxa4+ 47. Kb3 Nc5+ 48. Kc4 Nd7 49. fxe6 fxe6 50. Nxe6+ Kf7 51. Kd5 Nb6+ 52. Kd6 Nc4+ 53. Kd5 Nb6+ 54. Kd6 Nc4+ 55. Kd5 Ne3+ 56. Kd6 a4 57. Nd4 a3 58. Kd7 a2 59. e6+ Kf6 60. Nb3 Nf5 61. Na1 Kg5 62. Nc2 Kxh5 63. Nd4 Ng7 64. Nc2 Kg5 65. Ke7 h5 66. Kf7 Nxe6 0-1

[Event "Balaguer op 17th"]
[Site "Balaguer"]
[Date "2012.06.20"]
[Round "5"]
[White "Ruiz Sanchez, Orlen"]
[Black "Oms Pallisse, Josep"]
[Result "1/2-1/2"]
[WhiteElo "2416"]
[BlackElo "2461"]
[PlyCount "48"]
[EventDate "2012.06.16"]
[EventType "swiss"]
[EventRounds "9"]
[EventCountry "ESP"]
[SourceTitle "EXT 2013"]
[Source "ChessBase"]
[SourceDate "2012.11.22"]
[SourceVersion "1"]
[SourceVersionDate "2012.11.22"]
[SourceQuality "1"]

1. e4 c5 2. Nf3 Nc6 3. Nc3 e5 4. Bc4 Be7 5. 0-0 d6 6. d3 Nf6 7. Ng5 0-0 8. f4 Bg4 9. Qe1 exf4 10. Bxf4 Nd4 11. Qd2 h6 12. Nf3 Nxf3+ 13. gxf3 Be6 14. Qg2 Kh7 15. Bxe6 fxe6 16. Qh3 Qd7 17. Bd2 Rae8 18. Kh1 Bd8 19. f4 d5 20. Qg2 Ba5 21. Rae1 Nh5 22. Qg4 Nf6 23. Qg2 Nh5 24. Qg4 Nf6 1/2-1/2

[Event "Catalunya-chT"]
[Site "Catalunya"]
[Date "2012.03.17"]
[Round "8.1"]
[White "Oms Pallisse, Josep"]
[Black "Peralta, Fernando"]
[Result "1/2-1/2"]
[WhiteElo "2485"]
[BlackElo "2591"]
[PlyCount "61"]
[EventDate "2012.01.28"]
[EventType "team-tourn"]
[EventRounds "11"]
[EventCountry "ESP"]
[SourceTitle "EXT 2013"]
[Source "ChessBase"]
[SourceDate "2012.11.22"]
[SourceVersion "1"]
[SourceVersionDate "2012.11.22"]
[SourceQuality "1"]
[WhiteTeam "Figueres"]
[BlackTeam "Cerdanyola Valles"]
[WhiteTeamCountry "ESP"]
[BlackTeamCountry "ESP"]

1. d4 d6 2. Nf3 Bg4 3. c4 g6 4. Nc3 Bg7 5. e3 Nf6 6. Be2 0-0 7. h3 Bf5 8. g4 Bd7 9. e4 c5 10. Be3 cxd4 11. Nxd4 Nc6 12. Qd2 Rc8 13. g5 Nh5 14. Bxh5 gxh5 15. b3 Qa5 16. Rc1 Nxd4 17. Bxd4 Bxd4 18. Qxd4 Qxg5 19. Ke2 Qe5 20. Qxe5 dxe5 21. Rcd1 Be6 22. Nd5 Rfe8 23. h4 f6 24. Ne3 Kf7 25. Rd2 a5 26. a4 Rg8 27. Rdd1 Rc6 28. Rd3 Bg4+ 29. f3 Be6 30. Kd2 Rb6 31. Rd1 1/2-1/2

[Event "Catalunya-chT"]
[Site "Catalunya"]
[Date "2012.03.10"]
[Round "7.1"]
[White "Movsziszian, Karen"]
[Black "Oms Pallisse, Josep"]
[Result "1-0"]
[WhiteElo "2483"]
[BlackElo "2485"]
[PlyCount "22"]
[EventDate "2012.01.28"]
[EventType "team-tourn"]
[EventRounds "11"]
[EventCountry "ESP"]
[SourceTitle "EXT 2013"]
[Source "ChessBase"]
[SourceDate "2012.11.22"]
[SourceVersion "1"]
[SourceVersionDate "2012.11.22"]
[SourceQuality "1"]
[WhiteTeam "Lleida"]
[BlackTeam "Figueres"]
[WhiteTeamCountry "ESP"]
[BlackTeamCountry "ESP"]

1. c4 Nf6 2. g3 e6 3. Bg2 d5 4. Nf3 Be7 5. 0-0 0-0 6. b3 a5 7. Bb2 a4 8. Na3 c6 9. Qc2 Na6 10. Rfc1 h6 11. d4 b6 1-0